Principios de orientación y asistencia personal al alumno

Bewaard in:
Bibliografische gegevens
Hoofdauteur: Jones, Arthur J.
Formaat: Boek
Taal:Spaans
Gepubliceerd in: Buenos Aires. EUDEBA. 1951.
Onderwerpen:
Tags: Voeg label toe
Geen labels, Wees de eerste die dit record labelt!

MARC

LEADER 00000nam a22000005a 4500
001 16602
003 CL-ChBUA
005 20120815103615.0
008 070301s1951 ag 000 0dspa
040 |a CL-ChBUA  |c CL-ChBUA 
082 0 0 |a 371.048 
090 |c 16602  |d 16602 
100 1 |a Jones, Arthur J. 
245 1 0 |a Principios de orientación y asistencia personal al alumno 
260 |b EUDEBA.  |a Buenos Aires.  |c 1951. 
300 |a 564 p.  |c 24 cm. 
504 |a Bibl.; índice. 
650 4 |a ORIENTACION ESTUDIANTIL. 
942 |c LIB 
952 |0 0  |1 0  |4 0  |7 0  |9 23014  |a UNACH  |b UNACH  |c 300  |d 2007-03-05  |i 5.181.  |l 0  |o 371.048 / J 77. c.1  |p 24013  |r 2012-12-27 00:00:00  |u 23014  |w 2012-08-08  |y LIB  |k 371.048 / J 77. c.1 
999 |c 16602  |d 16602